Catálogo

THE NEW HANDBOOK OF ORGANIZATIONAL COMMUNICATION : (Registro nro. 50101)

Detalles MARC
000 -LEADER
fixed length control field 00775nam a2200205 a 4500
001 - CONTROL NUMBER
control field 50101
005 - DATE AND TIME OF LATEST TRANSACTION
control field 20180714035037.0
008 - FIXED-LENGTH DATA ELEMENTS--GENERAL INFORMATION
fixed length control field 140415d 000 0 spa d
020 ## - INTERNATIONAL STANDARD BOOK NUMBER
International Standard Book Number 0803955030
041 ## - LANGUAGE CODE
Language code of text/sound track or separate title spa
082 ## - DEWEY DECIMAL CLASSIFICATION NUMBER
Classification number 658.45
Item number JAB
100 1# - MAIN ENTRY--PERSONAL NAME
Personal name JABLIN, FREDRIC M.
245 14 - TITLE STATEMENT
Title THE NEW HANDBOOK OF ORGANIZATIONAL COMMUNICATION :
Remainder of title ADVANCES IN THEORY, RESEARCH, AND METHODS
250 ## - EDITION STATEMENT
Edition statement 1a ed.
260 ## - PUBLICATION, DISTRIBUTION, ETC.
Place of publication, distribution, etc. [s.l.] :
Name of publisher, distributor, etc. SAGE PUBLICATIONS, INC.,
Date of publication, distribution, etc. [s.f.]
300 ## - PHYSICAL DESCRIPTION
Extent 406
Dimensions 25.4 x 17.8 x 4.9
520 ## - SUMMARY, ETC.
Summary, etc. THE NEW HANDBOOK OF ORGANIZATIONAL COMMUNICATION IS A LANDMARK THAT PULLS TOGETHER MANE LOOSE THREADS OF THINKING AND RESEARCH IN THE FIELD INTO ONE VOLUME.
650 14 - SUBJECT ADDED ENTRY--TOPICAL TERM
Topical term or geographic name entry element COMUNICACION ORGANIZACIONAL
700 1# - ADDED ENTRY--PERSONAL NAME
Personal name PUTNAM, LINDA L.
Relator term coaut.
Existencias
Withdrawn status Lost status Source of classification or shelving scheme Damaged status Not for loan Collection code Home library Current library Shelving location Date acquired Source of acquisition Inventory number Total Checkouts Full call number Barcode Date last seen Date last checked out Price effective from Koha item type
    Dewey Decimal Classification     General Biblioteca Karol Wojtyla Biblioteca Karol Wojtyla Sala general 03/12/2013 Compra 151000000000000000013652 1 658.45 JAB 74811 05/01/2026 28/02/2023 03/12/2013 Libro